000 004540000a22001930004500
005 20120302053448.0
942 _cBOOK
245 _a Urban renewal: People, politics and planning
260 _aNew York:Anchor Books,1967
300 _axv,542p
040 _aENG
365 _bRs.
650 _aPolitics
650 _aUrban Renewal
650 _aUrban Development
650 _aAntecedents
650 _aExpectations-Goals
650 _aExecution
999 _c342931
_d342928